00976nam a2200181 a 450000100100000000500170001000800410002702000180006804000250008610000290011124502580014026001150039830000200051370000280053395201050056195201110066699900170077700004036420201002034102.0130822s2010 mx 000 0 spa d a9786070215469 aDO-SdBNPbspacBNPHU1 aTrabulse, Elías96666313aLa justa de los cometas :bDon Carlos de Sigüenza y Góngora y la astronomía de su siglo : discurso de ingreso a la Academia Mexicana de la Lengua, 24 de mayo de 2001, respuesta de Jaime Labastida /cElías Trabulse ; respuesta de Jaime Labastida. aMéxico :bDirección General de Publicaciones y Fomento Editorial :bAcademia Mexicana de la Lengua,c2010. a64 p. ;c18 cm.1 aLabastida, Jaime965036 001050718MOaGRbGRcCTd2013-08-22iLF1l0o p40364-10r2020-06-25w2020-06-25y1ZNo se presta 001050718MOaGRbGRcCTd2013-08-22iLF1l0o p40364-20r2020-06-25te. 2w2020-06-25y1ZNo se presta c39854d39854